000 00723nam a2200277Ia 4500
003 OSt
005 20221006145216.0
006 a|||||r|||| 00| 0
007 ta
008 221006b |||||||| |||| 00| 0 chi d
020 _cYu 1.20
024 _a14,131
037 _bGift, PRC
_cTextual
040 _aEASL
_cEASL
_bchi
041 _2chi
_achi
082 _aP41, M8
100 _aYANG Hui Yuan
_9653745
245 0 _aTingli xunlian bashiyi fa
260 _aBeijing
_bXiandai Chubanshe China
_c1988
300 _a96p.
_ccm.
490 _v CL
650 _a CL
_9642733
650 _aChinese Language
_9224250
942 _hP41, M8
_cTEXL
_2CC
999 _c1082217
_d1082217